Normal view
MARC view
- بشير، اقبال / م.مشارك: اقبال ابراهيم محلوف
Entry Personal Name
001 - CONTROL NUMBER
- control field: 16524
003 - CONTROL NUMBER IDENTIFIER
- control field: JO-AjAnu
005 - DATE AND TIME OF LATEST TRANSACTION
- control field: 20230606072932.0
008 - FIXED-LENGTH DATA ELEMENTS
- fixed length control field: 230606|| aca||aabn | a|a d
040 ## - CATALOGING SOURCE
- Original cataloging agency: JO-AjAnu
- Transcribing agency: JO-AjAnu
100 ## - HEADING--PERSONAL NAME
- Personal name: بشير، اقبال / م.مشارك: اقبال ابراهيم محلوف
670 ## - SOURCE DATA FOUND
- Source citation: Work cat.: (JO-AjAnu)8486: بشير، اقبال / م.مشارك: اقبال ابراهيم محلوف, author, الرعاية الطبية والصحية ودور الخدمة الاجتماعية